000 00215 a2200097 4500
001 5989
100 _aShigley, J E
245 _aSimulation of mechanical systems
260 _a
_bMcGraw-Hill
_c
090 _c4894
_d4894
942 _aNUST-CAE
_cM
_c31260
999 _c241062
_d241062